| 000 | 01470cam a2200361 a 4500 | ||
|---|---|---|---|
| 999 |
_c23730 _d23730 |
||
| 001 | 4909827 | ||
| 005 | 20170127094231.0 | ||
| 008 | 940831s1994 mau bc 001 0 eng d | ||
| 010 | _a 94078152 | ||
| 020 | _a0878464212 | ||
| 035 | _a(OCoLC)31347598 | ||
| 040 |
_aMdBWA _cMdBWA _dDLC |
||
| 042 | _alccopycat | ||
| 043 | _an-us-ma | ||
| 050 | 0 | 0 |
_aND1390 _b.M87 1994 |
| 110 | 2 | _aMuseum of Fine Arts, Boston. | |
| 245 | 1 | 0 | _aStill-life painting in the Museum of Fine Arts, Boston / Karen Esielonis ; introduction by Theodore E. Stebbins, Jr., and Eric M. Zafran. |
| 260 |
_aBoston : _bMuseum of Fine Arts, _cc1994. |
||
| 300 |
_a134 p. : _bill. (some col.) ; _c28 cm. |
||
| 500 | _aCatalog of an exhibition held at the Museum of Fine Arts, Boston, Sept. 14, 1994-Jan. 1, 1995. | ||
| 504 | _aIncludes bibliographical references and index. | ||
| 610 | 2 | 0 |
_aMuseum of Fine Arts, Boston _xExhibitions. |
| 650 | 0 |
_aStill-life painting _xExhibitions. |
|
| 650 | 0 |
_aStill-life painting _zMassachusetts _zBoston _xExhibitions. |
|
| 700 | 1 | _aEsielonis, Karyn. | |
| 942 |
_2lcc _cBOOKS _hND1390 .M87 1994 |
||